| 000 | 00892nas a2200313 4500 | ||
|---|---|---|---|
| 001 | BR2012002370 | ||
| 003 | BR-BrBNA | ||
| 005 | 20231205120403.0 | ||
| 007 | ta | ||
| 008 | 230509b bl.|||p| |||| 00| 00por d | ||
| 040 |
_aBR-BrBNA _bpor _cBiblioteca Nacional de Agricultura |
||
| 041 | _a(Pt) | ||
| 072 | _aF30; F03 | ||
| 100 | 1 | _aReis, L.S. dos | |
| 100 | 1 | _aPereira, M.G. | |
| 100 | 1 | _aSilva, R.F. da | |
| 100 | 1 | _aMeireles, R.C. | |
| 245 | 1 | _aEfeito da heterose na qualidade de sementes de milho doce | |
| 650 | _aMILHO DOCE | ||
| 650 | _aSEMENTE | ||
| 650 | _aVIGOR HÍBRIDO | ||
| 650 | _aGENÓTIPO | ||
| 650 | _aQUALIDADE | ||
| 650 | _aGERMINAÇÃO | ||
| 650 | _aEMERGÊNCIA | ||
| 773 | 0 |
_tRevista Brasileira de Sementes (Brazil) _xISSN 0101-3122 _g(Jun 2011), v. 33(2) p. 310-315 _wBR2012002370 |
|
| 909 |
_a202311 _bLúcia _c55 _dLúcia Elande |
||
| 942 |
_2AGRIS _n0 _cANA |
||
| 999 |
_c218254 _d218254 |
||